00333 a2200133 4500003000500000005001700005040000900022082001600031100001900047245004800066260003100114300001200145505004200157NUST20221205144026.0 cNust a070.442,GAU aGauhar, Altaf  aThoughts and After Thoughts /cAltaf Gauhar alahorebSang-E- Meelc1998 a480p .: aHistory Of Pakistan from 1993 to 1996